000 00535nam a2200169 i 4500
001 83297
003 ES-MaACL
005 20230906174816.0
007 t|
008 041116s1973 sp ||||1| spa d
245 0 0 _aSalarios
_b: cuarto trimestre y medida mensual, año 1972 /
_cInstituto Nacional de Estadística.
260 _a[Madrid :
_bs.n.],
_c1973.
300 _aXI, 155 p. ;
_c24 cm.
500 _aEjemplar multicopista.
710 2 _aInstituto Nacional de Estadística (España)
_95162
852 _aES-MaACL
_jE-4968
_bR.88932
999 _c83297
_d83297